Catálogo público

Control en la crianza de los animales de granja / (Record no. 163957)

MARC details
000 -CABECERA
campo de control de longitud fija 00684nam a2200277Ia 4500
001 - NÚMERO DE CONTROL
campo de control Z_883
003 - IDENTIFICADOR DEL NÚMERO DE CONTROL
campo de control CHAP
008 - DATOS DE LONGITUD FIJA--INFORMACIÓN GENERAL
campo de control de longitud fija 220113s1989 xx 000 0 und d
010 ## - NÚMERO DE CONTROL DE LA BIBLIOTECA DEL CONGRESO
Número de control de LC 163957
020 ## - NÚMERO INTERNACIONAL ESTÁNDAR DEL LIBRO
Número Internacional Estándar del Libro 968-26-1088-5
040 ## - FUENTE DE LA CATALOGACIÓN
Centro/agencia transcriptor CHAP
082 ## - NÚMERO DE LA CLASIFICACIÓN DECIMAL DEWEY
Número de clasificación 636.082 G6y
100 ## - ENTRADA PRINCIPAL--NOMBRE DE PERSONA
Nombre de persona Gordon, Ian
9 (RLIN) 50018
245 ## - MENCIÓN DE TÍTULO
Título Control en la crianza de los animales de granja /
Mención de responsabilidad, etc. por Ian Gordon
260 ## - PUBLICACIÓN, DISTRIBUCIÓN, ETC.
Lugar de publicación, distribución, etc. México, D.F. :
Nombre del editor, distribuidor, etc. CECSA,
Fecha de publicación, distribución, etc. 1989
300 ## - DESCRIPCIÓN FÍSICA
Extensión 444 p. :
Otras características físicas ilus.
503 ## - NOTA DE HISTORIA BIBLIOGRÁFICA (BK CF MU) [OBSOLETO]
Nota de historia bibliográfica c/e
650 ## - PUNTO DE ACCESO ADICIONAL DE MATERIA--TÉRMINO DE MATERIA
Término de materia o nombre geográfico como elemento de entrada Animales domésticos
Subdivisión general Mejoramiento
9 (RLIN) 5909
650 ## - PUNTO DE ACCESO ADICIONAL DE MATERIA--TÉRMINO DE MATERIA
Término de materia o nombre geográfico como elemento de entrada Genética animal
9 (RLIN) 47483
901 ## - ELEMENTOS DE DATOS A LOCAL LDA (RLIN)
a 636.082 G6Y
902 ## - ELEMENTOS DE DATOS B LOCAL, LDB (RLIN)
a M
910 ## - DATOS DE OPCIÓN DEL USUARIO (OCLC)
Datos de opción del usuario 1989
942 ## - ELEMENTOS DE PUNTO DE ACCESO ADICIONAL (KOHA)
Tipo de ítem Koha Libro_
942 ## - ELEMENTOS DE PUNTO DE ACCESO ADICIONAL (KOHA)
Tipo de ítem Koha
Holdings
Estado de retiro Estado de pérdida Fuente del sistema de clasificación o colocación Estado dañado No para préstamo Código de colección Localización permanente Ubicación/localización actual Ubicación en estantería Fecha de adquisición Código de barras Fecha visto por última vez Número de copia Precio válido a partir de Tipo de ítem Koha Total de préstamos Renovaciones totales Fecha del último préstamo
    Dewey Decimal Classification     General Zootecnia Zootecnia   09/11/2005 z_0834 18/01/2022 1 18/01/2022 Libro      
    Dewey Decimal Classification     General Zootecnia Zootecnia   06/04/2009 z_1003 22/11/2023 4 18/01/2022 Libro 1 2 31/10/2023
    Dewey Decimal Classification     General Zootecnia Zootecnia   06/04/2009 z_1105 18/01/2022 2 18/01/2022 Libro      
    Dewey Decimal Classification     General Zootecnia Zootecnia   06/04/2009 z_1106 18/01/2022 3 18/01/2022 Libro      
    Dewey Decimal Classification     General Zootecnia Zootecnia   06/04/2009 z_2131 18/01/2022 5 18/01/2022 Libro